[Event "Niedersachsen-ch op-D"]
[Site "Verden"]
[Date "2017.01.06"]
[Round "3"]
[White "Glaschak, Joachim"]
[Black "Wallat, Joel"]
[Result "1/2-1/2"]
[WhiteElo "1397"]
[BlackElo "1008"]
[PlyCount "59"]
[EventDate "2017.01.05"]
[EventType "swiss"]
[EventRounds "7"]
[EventCountry "GER"]
[SourceTitle "CBM 187 Extra"]
[Source "ChessBase"]
[SourceDate "2018.11.04"]
[SourceVersion "1"]
[SourceVersionDate "2018.11.04"]
[SourceQuality "1"]

1. d4 Nf6 2. c4 g6 3. Nc3 d5 4. cxd5 Nxd5 5. Nxd5 Qxd5 6. e3 Bg7 7. b3 c5 8. Nf3 Nc6 9. Bc4 Qd8 10. Bb2 0-0 11. Rb1 cxd4 12. Nxd4 Qa5+ 13. Ke2 Nxd4+ 14. Bxd4 Qxa2+ 15. Rb2 Qa5 16. Bxg7 Kxg7 17. Qd2 Qxd2+ 18. Rxd2 Be6 19. Bxe6 fxe6 20. Rd7 Kf7 21. Rxb7 a5 22. Rc1 Rfc8 23. Rd1 Rc3 24. Rdd7 Re8 25. Kd2 Rc5 26. b4 axb4 27. Rxb4 Rec8 28. Rb2 Rf5 29. Ke2 Rfc5 30. Rbd2 1/2-1/2